Portrait and biographical record of Auglaize, Logan and Shelby Counties, Ohio : (Record no. 52247)

MARC details
000 -LEADER
fixed length control field 00885cam a22002291a 4500
001 - CONTROL NUMBER
control field rc 01002126
003 - CONTROL NUMBER IDENTIFIER
control field DLC
005 - DATE AND TIME OF LATEST TRANSACTION
control field 20260227111905.0
008 - FIXED-LENGTH DATA ELEMENTS--GENERAL INFORMATION
fixed length control field 820311s1892 ilua 001 0 eng
010 ## - LIBRARY OF CONGRESS CONTROL NUMBER
LC control number rc 01002126
035 ## - SYSTEM CONTROL NUMBER
System control number (OCoLC)8237451
040 ## - CATALOGING SOURCE
Original cataloging agency DLC
Transcribing agency O
Modifying agency O
-- DLC
042 ## - AUTHENTICATION CODE
Authentication code premarc
050 00 - LIBRARY OF CONGRESS CALL NUMBER
Classification number F497.A15
Item number P6
245 00 - TITLE STATEMENT
Title Portrait and biographical record of Auglaize, Logan and Shelby Counties, Ohio :
Remainder of title containing biographical sketches of prominent and representative citizens, together with biographies and portraits of all the Presidents of the United States.
260 ## - PUBLICATION, DISTRIBUTION, ETC.
Place of publication, distribution, etc. Chicago :
Name of publisher, distributor, etc. Chapman Bros.,
Date of publication, distribution, etc. 1892.
300 ## - PHYSICAL DESCRIPTION
Extent 593 p. (i.e. 591) p. :
Other physical details ill. ;
Dimensions 28 cm.
500 ## - GENERAL NOTE
General note Error in paging: nos. 235-236 omitted.
651 #0 - SUBJECT ADDED ENTRY--GEOGRAPHIC NAME
Geographic name Auglaize County (Ohio)
Form subdivision Biography.
651 #0 - SUBJECT ADDED ENTRY--GEOGRAPHIC NAME
Geographic name Logan County (Ohio)
Form subdivision Biography.
651 #0 - SUBJECT ADDED ENTRY--GEOGRAPHIC NAME
Geographic name Shelby County (Ohio)
Form subdivision Biography.

No items available.

Powered by Koha